Indian socialism (Record no. 420459)

000 -LEADER
fixed length control field 00307cam a22001217a 4500
008 - FIXED-LENGTH DATA ELEMENTS--GENERAL INFORMATION
fixed length control field 180718b1961 xxu||||| |||| 00| 0 eng d
082 ## - DEWEY DECIMAL CLASSIFICATION NUMBER
Classification number B234x54 Sa48
100 ## - MAIN ENTRY--PERSONAL NAME
Personal name Sampurnand
245 ## - TITLE STATEMENT
Title Indian socialism
Statement of responsibility, etc. by Sampurnand
260 ## - PUBLICATION, DISTRIBUTION, ETC.
Place of publication, distribution, etc. Bombay
Name of publisher, distributor, etc. Asia
Date of publication, distribution, etc. 1961
300 ## - PHYSICAL DESCRIPTION
Extent x, 131p
650 ## - SUBJECT ADDED ENTRY--TOPICAL TERM
Topical term or geographic name entry element Socialism --India.
Holdings
Withdrawn status Lost status Damaged status Not for loan Permanent Location Current Location Date acquired Full call number Barcode Date last seen Price effective from Koha item type
        Indian Institute of Public Administration Indian Institute of Public Administration 2009-07-15 B234x54 Sa48 26377 2018-07-21 2018-07-21 Book

Powered by Koha